High School DxD Characters - Statistics

General Stats
  • This quiz has been taken 639 times
  • The average score is 7 of 11
Answer Stats
Hint Answer % Correct
President of the Occult research Club Rias Gremory
99%
Main Character, Is a pervert Issei Hyoudou
97%
Rias Gremory's Queen Akeno Himejima
77%
Rias Gremory's first rook, is smaller Koneko Toujou
71%
Issei is reincarnated as one of these Devil
67%
Rias Gremory's Knight Yuto Kiba
65%
Is half vampire and half devil, is very shy and likes to crossdress, is a boy, Rias Gremory's first bishop (but second to be introduced Gasper Vladi
63%
Rias Gremory's Second Knigt (is a girl) Xenovia Quarta
63%
A very rude and foul mouthed rouge priest Freed Sellzen
34%
Is a Fallen Angel, Kills Issei Reinare
17%
Was a Healer Saint before being killed and reincarnated as a devil, Rias Gremory's First Bishop (but first to be introduced) Ashia Argento
13%
No matching quizzes found
Score Distribution
Percent of People with Each Score
Percentile by Number Answered
Your Score History
You have not taken this quiz